Hodnotenie vplyvu dohody o voľnom obchode medzi EÚ a Ukrajinou na hospodárstvo EÚ (aj SR) diplomová práca

Guardado en:
Detalles Bibliográficos
Autor principal: Žatko, Matúš, 1991-
Autor Corporativo: Obchodná fakulta EU. Katedra medzinárodného obchodu
Otros Autores: Kašťáková, Elena, 1974-
Formato: Libro
Lenguaje:eslovaco
Publicado: Bratislava 2015
Etiquetas: Agregar Etiqueta
Sin Etiquetas, Sea el primero en etiquetar este registro!

MARC

LEADER 00000nbm a2200000 4500
001 0203045
005 20161212103745.0
041 0 |a slo 
044 |a SK 
245 1 0 |a Hodnotenie vplyvu dohody o voľnom obchode medzi EÚ a Ukrajinou na hospodárstvo EÚ (aj SR)  |b diplomová práca  |c Matúš Žatko ; školiteľ: Elena Kašťáková 
264 1 |a Bratislava  |c 2015 
300 |a 92 s. 
100 1 |a Žatko, Matúš, 1991- 
700 1 |a Kašťáková, Elena, 1974- 
710 2 |a Obchodná fakulta EU. Katedra medzinárodného obchodu